Beach recharge materials (Record no. 93986)

MARC details
000 -LEADER
fixed length control field 00893cam a2200265 4500
008 - FIXED-LENGTH DATA ELEMENTS--GENERAL INFORMATION
fixed length control field 090401t1996 xxu||||| |||| 00| 0 eng d
020 ## - INTERNATIONAL STANDARD BOOK NUMBER
International Standard Book Number 0860174395
035 ## - SYSTEM CONTROL NUMBER
System control number (Sirsi) u57852
041 ## - LANGUAGE CODE
Language code of text/sound track or separate title eng
050 ## - LIBRARY OF CONGRESS CALL NUMBER
Classification number 338.2762
-- 18
100 ## - MAIN ENTRY--PERSONAL NAME
Personal name Humphreys, B.
245 ## - TITLE STATEMENT
Title Beach recharge materials
Remainder of title demand and resources
260 ## - PUBLICATION, DISTRIBUTION, ETC.
Place of publication, distribution, etc. London
Name of publisher, distributor, etc. CIRIA
Date of publication, distribution, etc. 1996
300 ## - PHYSICAL DESCRIPTION
Extent 174p.
Other physical details ill., maps
Dimensions 30cm
350 ## - PRICE (NR) (BK AM CF MU VM SE) [OBSOLETE]
Price 0
490 ## - SERIES STATEMENT
Series statement CIRIA Report
Volume/sequential designation 154
520 ## - SUMMARY, ETC.
Summary, etc. Compares beach reacharge resources with future demand to provide an overview of the volume of material likely to be available.
690 ## - LOCAL SUBJECT ADDED ENTRY--TOPICAL TERM (OCLC, RLIN)
Topical term or geographic name as entry element PROPERTY-RURAL AND NATURAL ASSETS-RURAL AND NATURAL ASSET MANAGEMENT-COASTAL MANAGEMENT
700 ## - ADDED ENTRY--PERSONAL NAME
Personal name Coates, T.
700 ## - ADDED ENTRY--PERSONAL NAME
Personal name Watkiss, M.
700 ## - ADDED ENTRY--PERSONAL NAME
Personal name Harrison, D.
710 ## - ADDED ENTRY--CORPORATE NAME
Corporate name or jurisdiction name as entry element Construction Industry Research and Information Association
9 (RLIN) 4810
942 ## - ADDED ENTRY ELEMENTS (KOHA)
Suppress in OPAC 0
948 ## - LOCAL PROCESSING INFORMATION (OCLC); SERIES PART DESIGNATOR (RLIN)
c (OCLC) 04/03/1997
Holdings
Withdrawn status Lost status Source of classification or shelving scheme Damaged status Not for loan Home library Current library Shelving location Date acquired Total Checkouts Full call number Barcode Date last seen Copy number Price effective from Koha item type Public note
    Dewey Decimal Classification     London London Folio 04/07/1996   CIRIA REPORTS 30051109 27/02/2024 1 06/08/2019 Book Report 154